[Event "4NCL Division 1d"]
[Site "Telford, ENG"]
[Date "2019.05.04"]
[Round "9.74"]
[White "Ashton, Adam G"]
[Black "Tyomkyn, Mikhail"]
[Result "1-0"]
[WhiteElo "2316"]
[BlackElo "2138"]
[PlyCount "133"]
[EventDate "2019.05.04"]
[WhiteTeam "3Cs 1"]
[BlackTeam "Oxford 1"]

1. e4 e6 2. d4 d5 3. Nd2 Nc6 4. Ngf3 Nf6 5. e5 Nd7 6. Bb5 a6 7. Bxc6 bxc6 8.
O-O c5 9. Re1 cxd4 10. Nxd4 c5 11. N4f3 Be7 12. Nf1 O-O 13. Bf4 f6 14. Qd2 fxe5
15. Nxe5 Qb6 16. b3 Bf6 17. Re2 a5 18. Rae1 Nxe5 19. Bxe5 a4 20. Bxf6 Rxf6 21.
Ne3 d4 22. Ng4 Rf5 23. Ne5 axb3 24. axb3 Ra2 25. Qd3 Qa6 26. Nc4 Ra1 27. h3 h6
28. Qg3 Rxe1+ 29. Rxe1 Qc6 30. Qd6 Qd5 31. Qxd5 Rxd5 32. Nb6 Rd8 33. Re5 Bb7
34. Rxc5 Be4 35. f3 Bf5 36. Kf2 d3 37. cxd3 Rxd3 38. g4 Bg6 39. b4 Rb3 40. Rc4
Bd3 41. Rc8+ Kh7 42. Nd7 Rxb4 43. Nf8+ Kg8 44. Nxe6+ Kf7 45. Nc5 Rb2+ 46. Ke3
Bf1 47. Rc7+ Kf6 48. Ne4+ Kg6 49. h4 Rb6 50. Ng3 Bg2 51. Nh5 Kh7 52. Rxg7+ Kh8
53. Rf7 Kg8 54. Rf6 Rb3+ 55. Kf2 Rb2+ 56. Kg3 Kh7 57. Nf4 Bf1 58. Rf7+ Kg8 59.
Rc7 Ra2 60. h5 Rb2 61. Nd5 Rb3 62. Ne7+ Kh8 63. Rc6 Kh7 64. Nf5 Ra3 65. Rxh6+
Kg8 66. Re6 Bd3 67. Re3 1-0

[Event "4NCL Division 1d"]
[Site "Telford, ENG"]
[Date "2019.05.04"]
[Round "9.75"]
[White "Mihov, Filip"]
[Black "Abbas, Daniel"]
[Result "1/2-1/2"]
[WhiteElo "2180"]
[BlackElo "2253"]
[PlyCount "47"]
[EventDate "2019.05.04"]
[WhiteTeam "Oxford 1"]
[BlackTeam "3Cs 1"]

1. d4 Nf6 2. c4 e6 3. Nc3 Bb4 4. e3 b6 5. Bd3 Bb7 6. Nf3 Ne4 7. O-O f5 8. Ne5
O-O 9. Nxe4 fxe4 10. Bc2 Qg5 11. f4 exf3 12. Nxf3 Bxf3 13. Rxf3 Rxf3 14. Qxf3
Nc6 15. Qh3 g6 16. a3 Bd6 17. Be4 Qf6 18. Qf3 Qh4 19. g3 Qe7 20. Bxc6 Rf8 21.
Qg2 dxc6 22. Bd2 c5 23. Rf1 Rxf1+ 24. Qxf1 1/2-1/2

[Event "4NCL Division 1d"]
[Site "Telford, ENG"]
[Date "2019.05.04"]
[Round "9.76"]
[White "Longson, Sarah N"]
[Black "Dickinson, Tim R"]
[Result "1/2-1/2"]
[WhiteElo "2123"]
[BlackElo "2046"]
[PlyCount "63"]
[EventDate "2019.05.04"]
[WhiteTeam "3Cs 1"]
[BlackTeam "Oxford 1"]

1. e4 c6 2. d4 d5 3. exd5 cxd5 4. c4 Nf6 5. Nc3 e6 6. Nf3 Bb4 7. Bg5 Qa5 8. Bd2
Nc6 9. a3 Bxc3 10. Bxc3 Qc7 11. Bd3 dxc4 12. Bxc4 O-O 13. O-O Rd8 14. Rc1 Ne4
15. Bd3 Nxc3 16. Rxc3 Qf4 17. Qc2 h6 18. Be4 Bd7 19. d5 exd5 20. Bxd5 Be8 21.
Ba2 Nd4 22. Nxd4 Qxd4 23. Rf3 Rac8 24. Qf5 Rc7 25. Re1 Re7 26. Rf1 Qxb2 27. Bb1
g6 28. Qc5 Qe2 29. Bd3 Qe5 30. Qxa7 Qd4 31. Qa5 Rd5 32. Qb4 1/2-1/2

[Event "4NCL Division 1d"]
[Site "Telford, ENG"]
[Date "2019.05.04"]
[Round "9.77"]
[White "McKenna, Jason P"]
[Black "Horton, Jamie A"]
[Result "0-1"]
[WhiteElo "2125"]
[BlackElo "2186"]
[PlyCount "74"]
[EventDate "2019.05.04"]
[WhiteTeam "Oxford 1"]
[BlackTeam "3Cs 1"]

1. e4 c6 2. d4 d5 3. Nc3 dxe4 4. Nxe4 Nd7 5. Nf3 Ngf6 6. Nxf6+ Nxf6 7. c3 Bg4
8. Be2 e6 9. O-O Be7 10. Bf4 O-O 11. Ne5 Bxe2 12. Qxe2 Rc8 13. Rad1 Qd5 14.
Rfe1 a6 15. a3 Qd8 16. Rd3 Nd5 17. Bd2 Bg5 18. Rg3 Bxd2 19. Qxd2 Ne7 20. Rh3
Nf5 21. Re4 h6 22. Rg4 Kh7 23. Qd3 c5 24. dxc5 Rxc5 25. Rd4 Rxe5 26. g4 Qf6 27.
gxf5 Rxf5 28. Rf3 Qg6+ 29. Kh1 Rxf3 30. Qxf3 Qb1+ 31. Kg2 Qxb2 32. Rb4 Qxa3 33.
Rxb7 Kg8 34. Ra7 a5 35. Qc6 Qa2 36. c4 Qd2 37. Qc7 Qd4 0-1

[Event "4NCL Division 1d"]
[Site "Telford, ENG"]
[Date "2019.05.04"]
[Round "9.81"]
[White "Toma, Katarzyna"]
[Black "Cornette, Matthieu"]
[Result "0-1"]
[WhiteElo "2211"]
[BlackElo "2556"]
[PlyCount "64"]
[EventDate "2019.05.04"]
[WhiteTeam "West is Best 1"]
[BlackTeam "Celtic Tigers 1"]

1. e4 e6 2. d4 d5 3. Nc3 Nf6 4. e5 Nfd7 5. Nce2 c5 6. c3 Nc6 7. Nf3 Qb6 8. a3
a5 9. Nf4 cxd4 10. cxd4 a4 11. h4 h6 12. h5 Be7 13. Be2 Nf8 14. Bd3 Bd7 15. Bc2
Nh7 16. O-O Ng5 17. Nxg5 hxg5 18. Ne2 Rxh5 19. Bxa4 Nxe5 20. Nc3 Rh4 21. dxe5
Bxa4 22. Nxa4 Raxa4 23. b3 Rag4 24. Be3 Qc7 25. Qf3 Qxe5 26. Rfc1 f5 27. Ra2
Bd6 28. g3 Rh3 29. Kf1 Rgh4 30. Ke2 Re4 31. Kd2 g4 32. Qd1 Rxe3 0-1

[Event "4NCL Division 1d"]
[Site "Telford, ENG"]
[Date "2019.05.04"]
[Round "9.82"]
[White "Szczepkowska, Karina"]
[Black "Rees, Ioan"]
[Result "1-0"]
[WhiteElo "2431"]
[BlackElo "2290"]
[PlyCount "71"]
[EventDate "2019.05.04"]
[WhiteTeam "Celtic Tigers 1"]
[BlackTeam "West is Best 1"]

1. d4 Nf6 2. c4 Nc6 3. Nf3 e6 4. g3 Bb4+ 5. Bd2 Qe7 6. Nc3 O-O 7. Bg2 Bxc3 8.
Bxc3 Ne4 9. Rc1 a5 10. O-O d6 11. Qc2 f5 12. Rfd1 e5 13. d5 Nb4 14. Qb1 f4 15.
Be1 Bf5 16. Qa1 Nc5 17. b3 g5 18. Qb2 g4 19. Nh4 f3 20. a3 fxg2 21. axb4 axb4
22. Bxb4 Ne4 23. Nxf5 Rxf5 24. Qc2 Rxf2 25. Qxe4 Qf6 26. Qxg4+ Kh8 27. Bd2 Rg8
28. Qe6 Qxe6 29. dxe6 Rxe2 30. e7 Kg7 31. Bg5 Kf7 32. Bh4 b6 33. Re1 Rb2 34.
Rc3 Ra8 35. Rf3+ Kg7 36. h3 1-0

[Event "4NCL Division 1d"]
[Site "Telford, ENG"]
[Date "2019.05.04"]
[Round "9.83"]
[White "Cooper, John G"]
[Black "Reimanis, Ritvars"]
[Result "1/2-1/2"]
[WhiteElo "2250"]
[BlackElo "2336"]
[PlyCount "80"]
[EventDate "2019.05.04"]
[WhiteTeam "West is Best 1"]
[BlackTeam "Celtic Tigers 1"]

1. c4 e6 2. g3 Nf6 3. Bg2 d5 4. Nf3 Be7 5. O-O O-O 6. b3 c5 7. Bb2 Nc6 8. e3
Rb8 9. d4 dxc4 10. bxc4 cxd4 11. Nxd4 Bd7 12. Nd2 Rc8 13. N4b3 b6 14. Qe2 Qc7
15. Rfc1 Qb8 16. Rab1 Nb4 17. a3 Na6 18. Ne4 Nxe4 19. Bxe4 f5 20. Bg2 Nc5 21.
Nxc5 Bxc5 22. Qd3 Ba4 23. Bd4 Qd6 24. Qc3 Rf7 25. Bxc5 Rxc5 26. Qb4 Qd7 27. Rb2
Qe8 28. Rd2 Rfc7 29. Rc3 Kf7 30. Rd4 Bc6 31. Rcd3 Bxg2 32. Kxg2 Kg6 33. e4 Qc6
34. f3 fxe4 35. Rxe4 Rxc4 36. Rg4+ Rxg4 37. Qxg4+ Kf6 38. Qh4+ Kg6 39. Qg4+ Kf6
40. Qh4+ Kg6 1/2-1/2

[Event "4NCL Division 1d"]
[Site "Telford, ENG"]
[Date "2019.05.04"]
[Round "9.84"]
[White "Hoffmann, Hendrik"]
[Black "Mihalik, Agoston"]
[Result "1-0"]
[WhiteElo "2258"]
[BlackElo "2203"]
[PlyCount "99"]
[EventDate "2019.05.04"]
[WhiteTeam "Celtic Tigers 1"]
[BlackTeam "West is Best 1"]

1. e4 c5 2. c3 Nf6 3. e5 Nd5 4. d4 cxd4 5. Nf3 Nc6 6. cxd4 d6 7. Bc4 dxe5 8.
Bxd5 Qxd5 9. Nc3 Qd6 10. d5 Nd4 11. Nxd4 exd4 12. Qxd4 e5 13. Qd3 Qd7 14. O-O
Bd6 15. f4 O-O 16. fxe5 Bxe5 17. Bf4 Bxc3 18. bxc3 Rd8 19. Rae1 b5 20. d6 Bb7
21. Qg3 Re8 22. Be5 g6 23. Qg5 Re6 24. Qh6 f5 25. Bf6 Rxf6 26. Re7 Qxe7 27.
dxe7 Re8 28. Qe3 Kf7 29. Re1 a6 30. Qh6 Kg8 31. Re5 Be4 32. Qd2 Kf7 33. Qd7 Bc6
34. Qa7 Be4 35. Kf2 Rc6 36. Qd7 Rxc3 37. Qe6+ Kg7 38. Rxe4 fxe4 39. Qe5+ Kf7
40. Qxc3 Rxe7 41. Ke3 h5 42. Qc6 Re6 43. Qd7+ Re7 44. Qd5+ Re6 45. h3 Kf6 46.
Qb7 h4 47. Qh7 g5 48. Qh6+ Kf5 49. Qg7 a5 50. Qf7+ 1-0

[Event "4NCL Division 1d"]
[Site "Telford, ENG"]
[Date "2019.05.04"]
[Round "9.85"]
[White "Kett, Tim"]
[Black "Skulte, Christopher"]
[Result "1/2-1/2"]
[WhiteElo "2197"]
[BlackElo "2140"]
[PlyCount "115"]
[EventDate "2019.05.04"]
[WhiteTeam "West is Best 1"]
[BlackTeam "Celtic Tigers 1"]

1. Nf3 Nf6 2. g3 b6 3. Bg2 Bb7 4. O-O e6 5. c4 c5 6. Nc3 d5 7. cxd5 exd5 8. d4
Nbd7 9. b3 Rc8 10. Bb2 Bd6 11. Nh4 Bb8 12. Nf5 O-O 13. dxc5 Nxc5 14. Nxd5 Bxd5
15. Bxd5 Nxd5 16. Qxd5 Qxd5 17. Ne7+ Kh8 18. Nxd5 Rfe8 19. Ne3 Be5 20. Bxe5
Rxe5 21. Rac1 Rce8 22. b4 Ne6 23. Rfd1 f5 24. Rc2 f4 25. Nc4 Rg5 26. Rd7 fxg3
27. hxg3 Rg4 28. Nd6 Rf8 29. Rc8 Rxc8 30. Nxc8 h5 31. a3 h4 32. Rxa7 hxg3 33.
fxg3 b5 34. Kf2 Nd4 35. Nd6 Rg6 36. Ne4 Kh7 37. Ke3 Nc2+ 38. Kf4 Kh6 39. Ra8
Re6 40. a4 Nd4 41. Nc3 bxa4 42. Rxa4 Nxe2+ 43. Nxe2 Rxe2 44. Ra6+ Kh5 45. Rd6
Rb2 46. Rd4 g5+ 47. Ke5 g4 48. Kf4 Rf2+ 49. Ke4 Re2+ 50. Kd3 Rg2 51. Rd5+ Kg6
52. b5 Rxg3+ 53. Kc4 Rg1 54. b6 g3 55. Rd3 g2 56. Rg3+ Kf6 57. b7 Rb1 58. Rxg2
1/2-1/2

[Event "4NCL Division 1d"]
[Site "Telford, ENG"]
[Date "2019.05.04"]
[Round "9.86"]
[White "Pedersen, Carsten"]
[Black "Jones, Steven A"]
[Result "0-1"]
[WhiteElo "2122"]
[BlackElo "2152"]
[PlyCount "84"]
[EventDate "2019.05.04"]
[WhiteTeam "Celtic Tigers 1"]
[BlackTeam "West is Best 1"]

1. e4 c5 2. Nf3 Nc6 3. Bb5 g6 4. Bxc6 dxc6 5. d3 Bg7 6. h3 Nf6 7. Nc3 Nd7 8.
O-O e5 9. Be3 b6 10. Qd2 h6 11. Nh2 Nf8 12. f4 exf4 13. Bxf4 g5 14. Be3 Be6 15.
a4 a5 16. Rad1 Ng6 17. Qf2 O-O 18. Qe2 Bd4 19. Kh1 Qd7 20. Qd2 Bg7 21. Ne2 Qc7
22. b3 Rad8 23. Nf3 f5 24. exf5 Bxf5 25. Bg1 Be4 26. Bh2 Qc8 27. Nfg1 Nh4 28.
Rxf8+ Bxf8 29. dxe4 Rxd2 30. Rxd2 Qe6 31. Ng3 c4 32. Nf5 cxb3 33. cxb3 Nxf5 34.
exf5 Qxf5 35. Rd8 Kf7 36. Bc7 Be7 37. Rb8 Qb1 38. Rb7 Ke6 39. Bxb6 Qxb3 40. Rb8
Bd6 41. Bc7 Qxb8 42. Bxb8 Bxb8 0-1

[Event "4NCL Division 1d"]
[Site "Telford, ENG"]
[Date "2019.05.04"]
[Round "9.87"]
[White "Redmond, John P"]
[Black "Maciol, Ryszard"]
[Result "1-0"]
[WhiteElo "2192"]
[BlackElo "2165"]
[PlyCount "77"]
[EventDate "2019.05.04"]
[WhiteTeam "West is Best 1"]
[BlackTeam "Celtic Tigers 1"]

1. Nf3 Nf6 2. c4 e6 3. g3 c5 4. Bg2 Nc6 5. O-O Be7 6. d4 cxd4 7. Nxd4 O-O 8.
Nc3 Qb6 9. Ndb5 a6 10. Be3 Qa5 11. Nd6 Qb4 12. c5 Ng4 13. Bf4 e5 14. Nd5 Qxc5
15. Nxe7+ Nxe7 16. Bg5 f6 17. h3 fxg5 18. hxg4 g6 19. e3 Qb6 20. Qd2 a5 21.
Rac1 Qb4 22. Qd3 Qxg4 23. Rc7 Nc6 24. Bd5+ Kh8 25. Qc3 Kg7 26. Bxc6 bxc6 27.
Qxe5+ Kh6 28. Rxc8 Raxc8 29. Nxc8 Qf5 30. Qxf5 gxf5 31. Nd6 f4 32. g4 Rb8 33.
b3 Rb4 34. Rc1 fxe3 35. Nf5+ Kg6 36. Nxe3 h5 37. gxh5+ Kxh5 38. Rc5 a4 39. Rc4
1-0

[Event "4NCL Division 1d"]
[Site "Telford, ENG"]
[Date "2019.05.04"]
[Round "9.88"]
[White "Quinn, John M"]
[Black "Zeidler, Sven P"]
[Result "0-1"]
[WhiteElo "2140"]
[BlackElo "2168"]
[PlyCount "94"]
[EventDate "2019.05.04"]
[WhiteTeam "Celtic Tigers 1"]
[BlackTeam "West is Best 1"]

1. d4 f5 2. Bg5 g6 3. Nc3 Bg7 4. h4 h6 5. Bf4 d6 6. e4 e5 7. dxe5 dxe5 8. Qxd8+
Kxd8 9. O-O-O+ Nd7 10. Bd2 f4 11. Nf3 Ngf6 12. Bc4 Rf8 13. Be1 Ne8 14. a3 c6
15. Ne2 a5 16. Bc3 Ke7 17. Rxd7+ Bxd7 18. Nxe5 Bxe5 19. Bxe5 Nd6 20. Bd3 f3 21.
gxf3 Rxf3 22. Nf4 Rg8 23. Rd1 Nf7 24. Bc7 Rxf2 25. Bc4 Bg4 26. Rg1 h5 27. Nd3
Rf6 28. e5 Rf5 29. Bxa5 Re8 30. Bb4+ Kd8 31. e6 Ne5 32. e7+ Rxe7 33. Bxe7+ Kxe7
34. Nxe5 Rxe5 35. Bd3 Kf6 36. Rf1+ Bf5 37. Kd2 g5 38. hxg5+ Kxg5 39. Bxf5 Rxf5
40. Rg1+ Kf4 41. Rg7 b5 42. c4 h4 43. Rh7 Kg3 44. cxb5 cxb5 45. Kc3 Rf4 46. b3
h3 47. Rg7+ Rg4 0-1

[Event "4NCL Division 2a"]
[Site "Daventry, ENG"]
[Date "2018.11.10"]
[Round "1.11"]
[White "Hanley, Craig A"]
[Black "Brozel, Sacha"]
[Result "1-0"]
[WhiteElo "2450"]
[BlackElo "2267"]
[PlyCount "39"]
[EventDate "2018.11.10"]
[WhiteTeam "Spirit of Atticus A"]
[BlackTeam "Barnet Knights 1"]

1. e4 e6 2. d4 d5 3. Nc3 Bb4 4. e5 c5 5. Bd2 Ne7 6. f4 Nf5 7. Nf3 Nc6 8. dxc5
Bxc5 9. Bd3 O-O 10. Qe2 Nb4 11. O-O-O Nxd3+ 12. Qxd3 Bd7 13. g4 Nh4 14. Ng5 Ng6
15. h4 f5 16. exf6 Rxf6 17. Nxh7 Kxh7 18. h5 Kg8 19. hxg6 Be8 20. f5 1-0

[Event "4NCL Division 2a"]
[Site "Daventry, ENG"]
[Date "2018.11.10"]
[Round "1.12"]
[White "Rocco, Federico"]
[Black "Mitchell, Martin"]
[Result "1-0"]
[WhiteElo "2215"]
[BlackElo "2227"]
[PlyCount "67"]
[EventDate "2018.11.10"]
[WhiteTeam "Barnet Knights 1"]
[BlackTeam "Spirit of Atticus A"]

1. e4 d6 2. d4 Nf6 3. Nc3 g6 4. f4 Bg7 5. Bd3 e5 6. Nf3 exd4 7. Nxd4 c6 8. Nf3
Qb6 9. Qe2 O-O 10. Bd2 Qxb2 11. O-O Qb6+ 12. Kh1 Bg4 13. Rab1 Qc7 14. h3 Bxf3
15. Qxf3 Nbd7 16. g4 Nc5 17. g5 Nfd7 18. f5 Bxc3 19. Bxc3 Ne5 20. Qg3 Rfe8 21.
Rbe1 Qe7 22. Qh4 Ncxd3 23. cxd3 Nxd3 24. Bf6 Qf8 25. Re3 Nc5 26. Rf4 h5 27.
gxh6 Kh7 28. Rg3 Nd7 29. Rxg6 fxg6 30. fxg6+ Kxg6 31. Qg5+ Kf7 32. Bg7+ Ke6 33.
Bxf8 Rxf8 34. Qg6+ 1-0

[Event "4NCL Division 2a"]
[Site "Daventry, ENG"]
[Date "2018.11.10"]
[Round "1.13"]
[White "Carleton, John J"]
[Black "Villiers, Thomas"]
[Result "0-1"]
[WhiteElo "2259"]
[BlackElo "2245"]
[PlyCount "102"]
[EventDate "2018.11.10"]
[WhiteTeam "Spirit of Atticus A"]
[BlackTeam "Barnet Knights 1"]

1. d4 Nf6 2. c4 e5 3. dxe5 Ng4 4. Bf4 Nc6 5. Nf3 Bb4+ 6. Nbd2 Qe7 7. e3 Ngxe5
8. Nxe5 Nxe5 9. a3 Bd6 10. Ne4 Nxc4 11. Nxd6+ Nxd6 12. Rc1 Kd8 13. Bxd6 Qxd6
14. Qxd6 cxd6 15. Bc4 Ke7 16. Bd5 Rb8 17. Kd2 a5 18. Rc4 b5 19. Rg4 g6 20. Re4+
Kd8 21. Rc1 Bb7 22. Rd4 Bxd5 23. Rxd5 Rb6 24. g4 Re8 25. f4 Ke7 26. h4 Reb8 27.
Rc7 Rc6 28. Ra7 b4 29. Raxa5 bxa3 30. bxa3 Rb2+ 31. Kd3 Rb3+ 32. Kd2 Rcc3 33.
Ra4 Rxe3 34. Rad4 Rxa3 35. Rxd6 Rh3 36. Rxd7+ Kf8 37. Rd3 Ra2+ 38. Kc3 Rxh4 39.
f5 Ra3+ 40. Kb2 Rxd3 41. Rxd3 Rxg4 42. f6 Re4 43. Rd8+ Re8 44. Rd7 Rc8 45. Kb3
h5 46. Kb4 Kg8 47. Kb5 h4 48. Rd4 h3 49. Kb4 Rc6 50. Rh4 Rxf6 51. Rxh3 Rc6 0-1

[Event "4NCL Division 2a"]
[Site "Daventry, ENG"]
[Date "2018.11.10"]
[Round "1.14"]
[White "Smith, Andrew Philip"]
[Black "House, Glenn L"]
[Result "1/2-1/2"]
[WhiteElo "2170"]
[BlackElo "2195"]
[PlyCount "71"]
[EventDate "2018.11.10"]
[WhiteTeam "Barnet Knights 1"]
[BlackTeam "Spirit of Atticus A"]

1. e4 c5 2. Nf3 e6 3. d4 cxd4 4. Nxd4 Nf6 5. Nc3 d6 6. g4 h6 7. g5 hxg5 8. Bxg5
Nc6 9. Qd2 a6 10. O-O-O Qb6 11. Nb3 Qc7 12. f4 Bd7 13. Bg2 O-O-O 14. Kb1 Be7
15. h4 Kb8 16. Bf3 Bc8 17. Qe2 Ng8 18. Bxe7 Ngxe7 19. h5 g6 20. Qe3 gxh5 21.
Rxh5 Rxh5 22. Bxh5 f5 23. Bf3 fxe4 24. Nxe4 Nf5 25. Qd2 Qb6 26. Ng5 d5 27. Re1
Ncd4 28. Qf2 Ka7 29. c3 Nxb3 30. Qxb6+ Kxb6 31. axb3 Ng7 32. Bg4 Rf8 33. Nxe6
Bxe6 34. Bxe6 Nxe6 35. Rxe6+ Kc7 36. Kc2 1/2-1/2

[Event "4NCL Division 2a"]
[Site "Daventry, ENG"]
[Date "2018.11.10"]
[Round "1.15"]
[White "Ivell, Nicholas W"]
[Black "Willmoth, Robert F"]
[Result "1-0"]
[WhiteElo "2224"]
[BlackElo "2237"]
[PlyCount "40"]
[EventDate "2018.11.10"]
[WhiteTeam "Spirit of Atticus A"]
[BlackTeam "Barnet Knights 1"]

1. e4 e6 2. d4 d5 3. exd5 exd5 4. Nf3 Be6 5. Bd3 h6 6. O-O Nc6 7. Re1 Be7 8. c3
Nf6 9. Nbd2 g5 10. Nf1 g4 11. Ne5 Nxe5 12. dxe5 Nh5 13. f4 gxf3 14. Qxf3 Ng7
15. Bf4 Qd7 16. Ne3 O-O-O 17. Rad1 c5 18. a4 Qxa4 19. Ra1 Qc6 20. Rxa7 d4 {
Unable to read both scoresheets.} 1-0

[Event "4NCL Division 2a"]
[Site "Daventry, ENG"]
[Date "2018.11.10"]
[Round "1.16"]
[White "Ethelontis, Alexandros N"]
[Black "Jackson, Sheila"]
[Result "1-0"]
[WhiteElo "2177"]
[BlackElo "2056"]
[PlyCount "75"]
[EventDate "2018.11.10"]
[WhiteTeam "Barnet Knights 1"]
[BlackTeam "Spirit of Atticus A"]

1. c4 Nf6 2. g3 g6 3. Bg2 Bg7 4. Nc3 d6 5. d3 O-O 6. Rb1 a5 7. Nf3 c6 8. O-O e5
9. b3 Na6 10. Bb2 Re8 11. Na4 e4 12. dxe4 Nxe4 13. Bxg7 Kxg7 14. Qd4+ Qf6 15.
Rbd1 Bf5 16. Nh4 Qxd4 17. Rxd4 c5 18. Nxf5+ gxf5 19. Rd5 Nb4 20. Rxf5 Nxa2 21.
e3 Rab8 22. Nb6 Nd2 23. Ra1 Nb4 24. Rxa5 Nxb3 25. Ra7 Re7 26. h4 Nd2 27. g4 h6
28. Kh2 Ne4 29. Rf4 Nc6 30. Ra1 Nf6 31. Kg3 Ne5 32. Ra7 Nd3 33. Rxf6 Kxf6 34.
Nd5+ Ke6 35. Nxe7 Kxe7 36. Bxb7 Kf6 37. Bd5 Rf8 38. Rd7 1-0

[Event "4NCL Division 2a"]
[Site "Daventry, ENG"]
[Date "2018.11.10"]
[Round "1.17"]
[White "Ackley, Peter J E"]
[Black "Sanitt, Leo"]
[Result "1/2-1/2"]
[WhiteElo "2026"]
[BlackElo "1960"]
[PlyCount "53"]
[EventDate "2018.11.10"]
[WhiteTeam "Spirit of Atticus A"]
[BlackTeam "Barnet Knights 1"]

1. c4 e6 2. g3 Nf6 3. Nf3 d5 4. b3 Bd6 5. Bb2 c6 6. Bg2 O-O 7. O-O Nbd7 8. Nc3
Qe7 9. Qc2 Nb6 10. d3 Ba3 11. Bxa3 Qxa3 12. Rab1 a5 13. Nd2 Qe7 14. d4 e5 15.
e3 g6 16. dxe5 Qxe5 17. cxd5 Nbxd5 18. Nxd5 Nxd5 19. Nc4 Qe7 20. Rbc1 Nb4 21.
Qe2 Be6 22. f4 Rfd8 23. e4 Bxc4 24. bxc4 Rd7 25. f5 Rad8 26. f6 Rd2 27. Qe3
1/2-1/2

[Event "4NCL Division 2a"]
[Site "Daventry, ENG"]
[Date "2018.11.10"]
[Round "1.18"]
[White "Sanitt, Ethan"]
[Black "Latham, David"]
[Result "0-1"]
[WhiteElo "1870"]
[BlackElo "2066"]
[PlyCount "78"]
[EventDate "2018.11.10"]
[WhiteTeam "Barnet Knights 1"]
[BlackTeam "Spirit of Atticus A"]

1. c4 e6 2. g3 Nf6 3. Bg2 d5 4. cxd5 exd5 5. Nf3 c6 6. O-O Bd6 7. d3 O-O 8. Nc3
Re8 9. Re1 Bg4 10. a3 Nbd7 11. b4 Ne5 12. Nxe5 Bxe5 13. d4 Bd6 14. Qc2 Qd7 15.
Bd2 Bf5 16. Qb2 h5 17. h4 Qc7 18. f4 Qd7 19. Rac1 Ne4 20. Nxe4 dxe4 21. e3 Bh3
22. Bc3 Bxg2 23. Kxg2 Qf5 24. Qf2 Re6 25. Rc2 Rg6 26. Kh2 Rg4 27. Rg1 Re8 28.
Be1 Re6 29. Bd2 g5 30. hxg5 Rxg5 31. Bc3 Rg4 32. Rg2 Reg6 33. Qf1 h4 34. gxh4
Rxh4+ 35. Kg1 Qh5 36. Rxg6+ fxg6 37. Qc4+ Kf8 38. Rg2 Rh1+ 39. Kf2 Qf3# 0-1

[Event "4NCL Division 2a"]
[Site "Daventry, ENG"]
[Date "2018.11.10"]
[Round "1.21"]
[White "Hand, Freddie"]
[Black "Jayawarna, Nugith"]
[Result "1-0"]
[WhiteElo "2162"]
[BlackElo "2192"]
[PlyCount "85"]
[EventDate "2018.11.10"]
[WhiteTeam "KJCA Kings"]
[BlackTeam "Manchester Manticores 1"]

1. d4 Nf6 2. c4 g6 3. f3 Bg7 4. e4 d6 5. Nc3 O-O 6. Be3 Nc6 7. Nge2 a6 8. Qd2
Na5 9. Nc1 Nd7 10. Nb3 Nxb3 11. axb3 c5 12. dxc5 Nxc5 13. Ra3 Bd7 14. b4 Ne6
15. Nd5 Re8 16. h4 Bc6 17. h5 Bxd5 18. exd5 Nf8 19. hxg6 fxg6 20. Bd3 e6 21.
Be4 Rb8 22. O-O Qf6 23. Rd3 Qxb2 24. Qxb2 Bxb2 25. dxe6 Kg7 26. Rxd6 Rxe6 27.
Bf4 Rxd6 28. Bxd6 Rd8 29. Rd1 Ne6 30. c5 Bd4+ 31. Kf1 b6 32. Rxd4 Nxd4 33. Be5+
Kf7 34. cxb6 Ke6 35. Bc7 Kd7 36. Bxd8 Kxd8 37. Kf2 Nb5 38. Ke3 Kd7 39. Kf4 Nd6
40. Kg5 Nc4 41. b7 Kc7 42. Kh6 Nd6 43. Kxh7 1-0

[Event "4NCL Division 2a"]
[Site "Daventry, ENG"]
[Date "2018.11.10"]
[Round "1.22"]
[White "Mazek, Marek"]
[Black "Bansal, Rohan"]
[Result "0-1"]
[WhiteElo "2110"]
[BlackElo "2021"]
[PlyCount "78"]
[EventDate "2018.11.10"]
[WhiteTeam "Manchester Manticores 1"]
[BlackTeam "KJCA Kings"]

1. d4 Nf6 2. c4 e6 3. Nc3 Bb4 4. Qc2 O-O 5. a3 Bxc3+ 6. Qxc3 b6 7. Bg5 Bb7 8.
e3 d6 9. Ne2 Nbd7 10. Qc2 h6 11. Bh4 e5 12. Bxf6 Qxf6 13. d5 a5 14. Nc3 Nc5 15.
b3 Qg5 16. h4 Qe7 17. Rb1 f5 18. Be2 e4 19. h5 f4 20. b4 axb4 21. axb4 Nd3+ 22.
Bxd3 exd3 23. Qxd3 Qg5 24. O-O Qxh5 25. exf4 Rxf4 26. Ne4 b5 27. Rbc1 bxc4 28.
Rxc4 Qxd5 29. Qc3 Rxe4 30. Rxc7 Re7 31. f3 Rxc7 32. Qxc7 Ra2 33. Qd8+ Kh7 34.
Qb6 Qd2 35. Rf2 Qxf2+ 36. Qxf2 Rxf2 37. Kxf2 Kg6 38. Ke3 Kf5 39. Kd4 Kf4 0-1

[Event "4NCL Division 2a"]
[Site "Daventry, ENG"]
[Date "2018.11.10"]
[Round "1.23"]
[White "Verma, Aditya"]
[Black "Hamer, Martyn"]
[Result "1/2-1/2"]
[WhiteElo "2050"]
[BlackElo "2117"]
[PlyCount "89"]
[EventDate "2018.11.10"]
[WhiteTeam "KJCA Kings"]
[BlackTeam "Manchester Manticores 1"]

1. e4 e5 2. Nf3 Nc6 3. Bb5 a6 4. Ba4 d6 5. c3 Bd7 6. O-O g6 7. d4 Bg7 8. Be3
Nf6 9. Nbd2 O-O 10. h3 Qe7 11. Bc2 h6 12. Re1 Nh5 13. a4 a5 14. Nf1 Nf4 15.
Bxf4 exf4 16. Qd3 Rfe8 17. Rad1 Rad8 18. Rd2 b6 19. Rde2 Bc8 20. N1h2 Bb7 21.
Qd2 Ba6 22. Bd3 Bxd3 23. Qxd3 Qd7 24. Qc4 Kf8 25. Nf1 Na7 26. N1d2 Re7 27. Nb3
Qc6 28. Qxc6 Nxc6 29. Nc1 h5 30. Nd3 Bh6 31. d5 Ne5 32. Nfxe5 dxe5 33. f3 f6
34. c4 c5 35. Rd1 Ke8 36. Nc1 Bf8 37. Rd3 Rb7 38. Na2 Bd6 39. Nc3 h4 40. Nd1 g5
41. Nf2 Kf7 42. Rb3 Rdb8 43. Rb5 Kg7 44. Rd2 Kg6 45. Rd3 1/2-1/2

[Event "4NCL Division 2a"]
[Site "Daventry, ENG"]
[Date "2018.11.10"]
[Round "1.24"]
[White "Peacock, Malcolm R"]
[Black "Ratnesan, Ranesh"]
[Result "0-1"]
[WhiteElo "2080"]
[BlackElo "1985"]
[PlyCount "80"]
[EventDate "2018.11.10"]
[WhiteTeam "Manchester Manticores 1"]
[BlackTeam "KJCA Kings"]

1. c4 Nf6 2. g3 g6 3. Bg2 Bg7 4. Nc3 O-O 5. d3 d6 6. Bg5 h6 7. Bd2 a5 8. Nf3 e5
9. O-O Nc6 10. Nd5 Kh7 11. Rc1 Be6 12. Ne1 Nd7 13. Nc2 f5 14. f4 Nc5 15. b3 Ne7
16. Be3 c6 17. Nxe7 Qxe7 18. Qe1 Bf7 19. fxe5 dxe5 20. b4 Ne6 21. bxa5 Nd4 22.
Bd2 Rfe8 23. Bb4 Qd7 24. Ne3 h5 25. Nd1 Bh6 26. Bd2 Bxd2 27. Qxd2 Kg7 28. Rb1
Re7 29. e3 Ne6 30. Nf2 Qd8 31. Rb6 Nc5 32. Rfb1 Qd6 33. Qb4 Be8 34. Bd5 h4 35.
d4 exd4 36. exd4 hxg3 37. hxg3 Qxg3+ 38. Bg2 Re2 39. Rf1 Bf7 40. dxc5 Rh8 0-1

[Event "4NCL Division 2a"]
[Site "Daventry, ENG"]
[Date "2018.11.10"]
[Round "1.25"]
[White "Golding, James"]
[Black "Mulleady, Peter J"]
[Result "0-1"]
[WhiteElo "2042"]
[BlackElo "2012"]
[PlyCount "66"]
[EventDate "2018.11.10"]
[WhiteTeam "KJCA Kings"]
[BlackTeam "Manchester Manticores 1"]

1. d4 d5 2. c4 dxc4 3. Nf3 Nf6 4. Nc3 a6 5. a4 e6 6. e4 c5 7. d5 exd5 8. exd5
Bd6 9. Bxc4 O-O 10. h3 Nbd7 11. O-O Nb6 12. Qb3 Nxc4 13. Qxc4 b5 14. Qd3 b4 15.
Ne4 Bf5 16. Nxf6+ Qxf6 17. Qd1 h6 18. Nd2 Bd3 19. Re1 Rfe8 20. Nf3 Qf5 21. Be3
Qxd5 22. b3 Rad8 23. Rc1 Be4 24. Qxd5 Bxd5 25. Nd2 Bf8 26. Rc2 Be6 27. Rec1 Rd3
28. Rb2 Red8 29. Kf1 f5 30. Ke2 g5 31. g3 Rc3 32. Rbc2 Rcd3 33. Bxc5 Bxc5 0-1